Paroles Recharge - Kaaris - Statistiques

Statistiques générales
  • Ce quiz a été pris 11 fois
  • Le résultat moyen est 123 sur 448
Statistiques - réponses
Hint Réponse % Correct
G
80%
2.7
60%
a
60%
à
60%
ça
60%
char
60%
dans
60%
de
60%
déma
60%
des
60%
du
60%
est
60%
Kalash
60%
la
60%
La
60%
Le
60%
le
60%
ma
60%
m'a
60%
me
60%
pas
60%
se
60%
ta
60%
Ta
60%
te
60%
to
60%
9
40%
Armé
40%
arrière
40%
au
40%
aux
40%
Back
40%
bibliques
40%
Cartel
40%
cause
40%
comme
40%
crèvent
40%
d'beuh
40%
Couplet unique Déjà
40%
démarche
40%
en
40%
ennemis
40%
et
40%
Et
40%
flingue
40%
Future
40%
j'ai
40%
Je
40%
je
40%
j'emmerde
40%
j'me
40%
J'me
40%
j'sais
40%
j'te
40%
lâcheté
40%
Les
40%
les
40%
l'opinion
40%
marche
40%
mes
40%
mis
40%
Ne
40%
ne
40%
Noir
40%
n'sont
40%
Numéro
40%
Or
40%
orteils
40%
paroles
40%
peut
40%
publique
40%
Outro Pute
40%
pute
40%
que
40%
Que
40%
qu'mes
40%
recharge
40%
reconnais
40%
recul
40%
rêve
40%
réveille
40%
révèle
40%
sa
40%
star
40%
tête
40%
the
40%
tous
40%
transe
40%
tu
40%
Tu
40%
un
40%
Un
40%
Une
40%
une
40%
Z.E.R.O
40%
ailes
20%
aisselles
20%
armées
20%
Auréoles
20%
autre
20%
avec
20%
bas
20%
bitch
20%
caisse
20%
carrière
20%
cherche
20%
corps
20%
corsé
20%
c'que
20%
crache
20%
débarque
20%
décharge
20%
démarque
20%
démission
20%
déplace
20%
déplacer
20%
deu-spi
20%
deux
20%
dirige
20%
dit
20%
dormir
20%
dorsaux
20%
encensent
20%
encore
20%
faire
20%
fatidique
20%
fois
20%
font
20%
français
20%
frôler
20%
graisse
20%
greffière
20%
Hadès
20%
haute
20%
hyène
20%
jamais
20%
joint
20%
j'peux
20%
j'suis
20%
J'suis
20%
juge
20%
J'vais
20%
j'vais
20%
J'veux
20%
lâches
20%
Lambo
20%
larges
20%
l'art
20%
l'avales
20%
l'cul
20%
lettre
20%
l'fion
20%
liasse
20%
manière
20%
mets
20%
mon
20%
mules
20%
Négro
20%
nous
20%
On
20%
on
20%
oreilles
20%
pape
20%
passé
20%
pathétique
20%
pelage
20%
plus
20%
posé
20%
poudrière
20%
profond
20%
queue
20%
qui
20%
qu'la
20%
qu'tu
20%
rap
20%
Rondo
20%
roule
20%
sans
20%
sens
20%
sera
20%
'seuf
20%
son
20%
sous
20%
sur
20%
tacheté
20%
tape
20%
t'as
20%
tellement
20%
Tue
20%
venu
20%
vers
20%
voir
20%
aiguisées
0%
aller
0%
bassesse
0%
Basse-Terre
0%
beaucoup
0%
beleck
0%
bénisse
0%
bitume
0%
Brazza
0%
brûle
0%
bulles
0%
câble
0%
cacheté
0%
cellophané
0%
cette
0%
chauffes
0%
chevalière
0%
chicos
0%
clash
0%
confonds
0%
contrat
0%
Contre
0%
d'âne
0%
d'efforts
0%
demande
0%
Depuis
0%
destiné
0%
deuxième
0%
Dieu
0%
disque
0%
d'mourir
0%
dos
0%
éclairer
0%
effet
0%
égorger
0%
Elle
0%
elle
0%
émissions
0%
énarque
0%
Est-ce
0%
est-ce
0%
FARC
0%
fasse
0%
faudra
0%
faut
0%
flinguer
0%
fume
0%
garde
0%
gaz
0%
HDMI
0%
Houdini
0%
humaine
0%
jaune
0%
j'lui
0%
J'rappe
0%
juste
0%
J'viens
0%
J'vois
0%
kils
0%
lit
0%
Mais
0%
mais
0%
maison
0%
même
0%
m'empêcher
0%
missions
0%
nature
0%
nie
0%
passer
0%
perdre
0%
pirates
0%
porc
0%
postichés
0%
pour
0%
pouvoir
0%
préparer
0%
quand
0%
qu'elle
0%
qu'il
0%
racheter
0%
Reçois
0%
reconnait
0%
rendre
0%
rentre
0%
repasser
0%
sachets
0%
sang
0%
sauf
0%
selles
0%
serre
0%
ses
0%
sharks
0%
si
0%
signé
0%
'tasse
0%
teushi
0%
Ton
0%
ton
0%
torcher
0%
toujours
0%
tout
0%
toutes
0%
va
0%
vas
0%
vengeance
0%
Versace
0%
veulent
0%
vide
0%
Aucun quiz correspondant
Distribution des résultats
% des personnes avec chaque résultat
Percentile par nombre de réponses
Votre historique - résultats
Vous n’avez pas pris ce quiz